<?xml version="1.0" encoding="UTF-8"?>
<record
    xmlns:xsi="http://www.w3.org/2001/XMLSchema-instance"
    xsi:schemaLocation="http://www.loc.gov/MARC21/slim http://www.loc.gov/standards/marcxml/schema/MARC21slim.xsd"
    xmlns="http://www.loc.gov/MARC21/slim">

  <leader>01403nam a22002777a 4500</leader>
  <controlfield tag="001">7393</controlfield>
  <controlfield tag="003">FISKH</controlfield>
  <controlfield tag="005">20250711144528.0</controlfield>
  <controlfield tag="008">250711b        cb ||||| |||| 00| 0 eng d</controlfield>
  <datafield tag="040" ind1=" " ind2=" ">
    <subfield code="a">FISKH</subfield>
    <subfield code="b">eng</subfield>
    <subfield code="c">FISKH</subfield>
    <subfield code="d">FISKH</subfield>
  </datafield>
  <datafield tag="050" ind1=" " ind2=" ">
    <subfield code="a">PZ5.S475</subfield>
  </datafield>
  <datafield tag="082" ind1=" " ind2=" ">
    <subfield code="a">899.22108002</subfield>
  </datafield>
  <datafield tag="100" ind1=" " ind2=" ">
    <subfield code="a">Frith, Michael </subfield>
  </datafield>
  <datafield tag="245" ind1=" " ind2=" ">
    <subfield code="a">The Sesame street library volume 12 :</subfield>
    <subfield code="b">Featuring the letters W, X, Y, and Z and the number 12 </subfield>
    <subfield code="c">With Jim Henson's Muppets </subfield>
  </datafield>
  <datafield tag="250" ind1=" " ind2=" ">
    <subfield code="a">This edition published in 1978 </subfield>
  </datafield>
  <datafield tag="260" ind1=" " ind2=" ">
    <subfield code="a">New York : </subfield>
    <subfield code="b">Children's Television Workshop, </subfield>
    <subfield code="c">1971</subfield>
  </datafield>
  <datafield tag="300" ind1=" " ind2=" ">
    <subfield code="a">42 unnumbered pages : </subfield>
    <subfield code="b">color illustrations ; </subfield>
    <subfield code="c">28 cm </subfield>
  </datafield>
  <datafield tag="505" ind1=" " ind2=" ">
    <subfield code="a">E
</subfield>
  </datafield>
  <datafield tag="520" ind1=" " ind2=" ">
    <subfield code="a">The Sesame Street Library Volume 12 is the final volume in a 12-book educational series featuring the beloved Sesame Street characters. This volume focuses on the letters W, X, Y, and Z, as well as the number 12.

Through short stories, poems, jokes, and fun facts, children are introduced to vocabulary, phonics, and simple reading concepts. Big Bird, Bert, Ernie, Grover, Cookie Monster, and other familiar Muppets guide readers through silly adventures, playful dialogues, and alphabet-themed fun.</subfield>
  </datafield>
  <datafield tag="521" ind1="8" ind2=" ">
    <subfield code="a">200

</subfield>
    <subfield code="b">Lexile estimate
</subfield>
  </datafield>
  <datafield tag="521" ind1="8" ind2=" ">
    <subfield code="a">E
</subfield>
    <subfield code="b">Raz-Plus
</subfield>
  </datafield>
  <datafield tag="650" ind1=" " ind2=" ">
    <subfield code="a">Alphabet</subfield>
    <subfield code="v">Children's Picture Book</subfield>
    <subfield code="x">Numbers and Counting</subfield>
  </datafield>
  <datafield tag="700" ind1=" " ind2=" ">
    <subfield code="a">Crawford, Mel </subfield>
    <subfield code="e">illustrator </subfield>
  </datafield>
  <datafield tag="942" ind1=" " ind2=" ">
    <subfield code="2">ddc</subfield>
    <subfield code="c">BK</subfield>
    <subfield code="n">0</subfield>
  </datafield>
  <datafield tag="999" ind1=" " ind2=" ">
    <subfield code="c">7393</subfield>
    <subfield code="d">7393</subfield>
  </datafield>
  <datafield tag="952" ind1=" " ind2=" ">
    <subfield code="0">0</subfield>
    <subfield code="1">0</subfield>
    <subfield code="2">ddc</subfield>
    <subfield code="4">0</subfield>
    <subfield code="7">0</subfield>
    <subfield code="8">JUVF</subfield>
    <subfield code="a">001</subfield>
    <subfield code="b">001</subfield>
    <subfield code="c">TK Green 7-57-60</subfield>
    <subfield code="d">2025-07-11</subfield>
    <subfield code="l">0</subfield>
    <subfield code="o">FRI 899.22108002 PZ5.S475 </subfield>
    <subfield code="p">2025-1832</subfield>
    <subfield code="r">2025-07-11 14:45:02</subfield>
    <subfield code="t">1</subfield>
    <subfield code="w">2025-07-11</subfield>
    <subfield code="y">BK</subfield>
  </datafield>
</record>
